Finde das geheime Land #2 - Statistiken

Allgemein
  • Dieses Quiz wurde 426 mal gespielt
  • Das Durchschnittsergebnis liegt bei 12 aus 27
Antwortstatistiken
Hint Antwort % Korrekt
EPRU Peru
100%
GOOT Togo
100%
AALMT Malta
95%
AAGHN Ghana
93%
AEIKN Kenia
93%
AAAILMSY Malaysia
82%
BEIILNOV Bolivien
59%
ACEFHIKNRR Frankreich
48%
ABHNTU Bhutan
41%
ADEIJNNOR Jordanien
39%
EEINNSTU Tunesien
38%
BEGIILN Belgien
37%
BDINRUU Burundi
37%
AEGINU Guinea
37%
AEEIMNNR Armenien
32%
AAABHMS Bahamas
30%
ABILNNO Libanon
30%
AEIINSTW Eswatini
27%
AGLOPRTU Portugal
26%
AADHILNT Thailand
26%
AAEILNRSTU Australien
18%
AGINUPRS Singapur
16%
Secret Country INDONESIEN
15%
AAAEGLMTU Guatemala
13%
ADDEEEILNNR Niederlande
13%
AAEEIMNNRTU Mauretanien
10%
AEIKMNNRSTTU Turkmenistan
10%
Keine übereinstimmenden Quizze gefunden
Verteilung der Resultate
Anzahl Personen mit jedem Resultat
Perzentil nach korrekt beantworteten Fragen
Ihre Resultats-Entwicklung
Sie haben dieses Quiz noch nicht gespielt